banner-ar

الاقباط ومطالبهم فى مصر بين التضمين والاستبعاد / (Record no. 59910)

MARC details
000 -الفاتح
حقل البيانات ثابتة الطول 00944nam a22002537a 4500
005 - وقت وتاريخ اخر تعامل مع التسجيلة
رقم الضبط 20240530110342.0
008 - عناصر البيانات ثابتة الطول - معلومات عامة
حقل البيانات ثابتة الطول 141119s2012 le d g 001 0 ara d
020 ## - الرقم الدولى المعيارى للكتب
الرقم الدولى المعيارى للكتاب 9789953825243
040 ## - مصدر الفهرسة
وكالة الفهرسة الأصلية EG-CaGPL
041 0# - رمز اللغة
رمز لغة النص/ المسارات الصوتية أو العنوان الانفرادي ara
082 04 - رقم تصنيف ديوى العشرى
رقم الطبعة 21
رقم التصنيف 322.1/
رقم المادة م أ
100 0# - المدخل الرئيسى - إسم شخصى
الإسم الشخصى مى مجيب عبدالمنعم مسعد
245 12 - بيان العنوان
العنوان الاقباط ومطالبهم فى مصر بين التضمين والاستبعاد /
بيان المسئوليه,etc مى مجيب عبدالمنعم مسعد
250 ## - بيان الطبعة
بيان الطبعة ط 1
260 ## - PUBLICATION, DISTRIBUTION, ETC. (IMPRINT)
تاريخ النشر أو التوزيع 2012
300 ## - الوصف المادى
التعداد 495 ص ؛
أبعاد الوعاء 24 سم
490 0# - بيان السلسلة
عنوان السلسلة سلسلة اطروحات الدكتوراه ؛
رقم المجلد/ التعيين التسلسلي 104
504 ## - تبصرة ببليوجرافية
تبصرة ببليوجرافية,الخ ببليوجرافية : ص 409 - 479
650 04 - المدخل الاضافى بالموضوع-مصطلح موضوعى
مصطلح موضوعي الاقباط
التقسيم الفرعي الجغرافي مصر
650 04 - المدخل الاضافى بالموضوع-مصطلح موضوعى
مصطلح موضوعي احداث الكشح
650 04 - المدخل الاضافى بالموضوع-مصطلح موضوعى
مصطلح موضوعي احداث فرشوط
942 ## - عناصر المدخل الإضافي( كوها)
مصدر التصنيف او مخطط الترفيف Dewey Decimal Classification
Koha [default] item type كتاب
260 ## - PUBLICATION, DISTRIBUTION, ETC. (IMPRINT)
-- بيروت :
-- مركز دراسات الوحدة العربية ،
Holdings
حالة التراجع حالة الفقد حالة تلف ليس للاعارة المكان المؤقت الموقع الحالى تاريخ الاكتساب اجمالي اﻻعارات رقم الطلب الباركود تاريخ اخر مشاهدة تاريخ تفعيل السعر نوع وعاء كوها
        مكتبة القاهرة الكبرى مكتبة القاهرة الكبرى 11/19/2014   322.1/م أ 158871 11/19/2014 11/19/2014 كتاب

Powered By

EGPV